| 000 | 00636nam a2200217Ia 4500 | ||
|---|---|---|---|
| 008 | 191130s2001##################000#0#eng## | ||
| 020 | _a9780321047045 | ||
| 022 | _a46895 | ||
| 040 |
_aACL _cACL |
||
| 082 | _a301 WHI | ||
| 245 |
_aAnthropology : contemporary perspectives _c[edited by] Phillip Whitten |
||
| 250 | _a8th ed | ||
| 260 |
_aBoston _bAllyn and Bacon _cc2001 |
||
| 300 | _axiii, 338 p. : ill., maps ; 28 cm | ||
| 500 | _aIncludes bibliographical references and index | ||
| 650 | _aAnthropology | ||
| 700 | _aWhitten, Phillip | ||
| 990 | _aaa7335f3ac10000c41f963a491ee1ccf | ||
| 991 | _a220488 | ||
| 999 |
_c371159 _d371159 |
||